| 000 | 00861nam a2200229Ia 4500 | ||
|---|---|---|---|
| 001 | 16220 | ||
| 003 | GE_BSU | ||
| 008 | 181216s||||||||xx |||||||||||||| ||und|| | ||
| 040 | _cGE_BSU | ||
| 100 | _aშიშნიაშვილი,თამარ | ||
| 245 | _aსტომატოლოგიური დაავადებათა პროფილაქტიკა | ||
| 245 | _bსტომატოლოგიური ფაკ-ტის სტუდ-თვის | ||
| 260 | _aთბილისი | ||
| 260 | _bგ.გ | ||
| 260 | _c2012 | ||
| 300 | _a248გვ;ილ;20სმ. | ||
| 541 | _h22ლ. | ||
| 653 | _aმედიცინა | ||
| 653 | _aსტომატოლოგია | ||
| 653 | _aსტომატოლოგიური დაავადებათა პროფილაქტიკა | ||
| 942 | _cBK | ||
| 999 |
_c49304 _d49304 |
||